000 00570nam a2200205Ia 4500
005 20250508165537.0
008 008 250505s9999 xx 000 0 eng d
020 _a978-0-143-06432-9
037 _aTextual
040 _aFEDL
_beng
_cFEDL
041 _aeng
_2eng
084 _a294.5, PAR
_qFEDL
100 _aPattanaik Devdutt
245 0 _aSita: An illustrated retelling of the Ramayana
260 _aGurgaon, India
_bPenguin group
_c2013
300 _axxi, 318p.
365 _aINR
_b499
942 _cTEXL
_h294.5, PAR
999 _c1395764
_d1395764